Southville International School and Colleges
Your cart is empty.
  • Cart
  • Lists
    Public lists Eva Luna New books Lux_list list_1
    Your lists Log in to create your own lists
  • Log in to your account
  • Your cookies
  • Search history
Southville International School and Colleges
  • Advanced search
  • Recent comments
  • Most popular
  • Libraries

Log in to your account

Log in with GOOGLE


If you do not have an external account, but do have a local account, you can still log in:

  1. Home
  2. MARC view: Oz Clarke's new encyclopedia of french wines /
Normal view MARC view ISBD view

Oz Clarke's new encyclopedia of french wines / (Record no. 345068)

[ view plain ]
MARC details
000 -LEADER
fixed length control field 00725nam a2200277Ia 4500
008 - FIXED-LENGTH DATA ELEMENTS--GENERAL INFORMATION
fixed length control field 171120s9999 xx 000 0 und d
020 ## - INTERNATIONAL STANDARD BOOK NUMBER
International Standard Book Number 671731939
050 ## - LIBRARY OF CONGRESS CALL NUMBER
Classification number 641.22
050 ## - LIBRARY OF CONGRESS CALL NUMBER
Item number C599 1990
100 ## - MAIN ENTRY--PERSONAL NAME
Personal name Clarke, Oz
245 ## - TITLE STATEMENT
Title Oz Clarke's new encyclopedia of french wines /
245 ## - TITLE STATEMENT
Statement of responsibility, etc by Oz Clarke.
260 ## - PUBLICATION, DISTRIBUTION, ETC. (IMPRINT)
Place of publication, distribution, etc New York :
260 ## - PUBLICATION, DISTRIBUTION, ETC. (IMPRINT)
Name of publisher, distributor, etc Fireside Book,
260 ## - PUBLICATION, DISTRIBUTION, ETC. (IMPRINT)
Date of publication, distribution, etc 1990
300 ## - PHYSICAL DESCRIPTION
Extent 240 pages :
300 ## - PHYSICAL DESCRIPTION
Other physical details some color illustrations ;
300 ## - PHYSICAL DESCRIPTION
Dimensions 23cm.
500 ## - GENERAL NOTE
General note Includes glossary and index.
650 ## - SUBJECT ADDED ENTRY--TOPICAL TERM
Topical term or geographic name as entry element Vin --
650 ## - SUBJECT ADDED ENTRY--TOPICAL TERM
Topical term or geographic name as entry element Wine and wine making --
650 ## - SUBJECT ADDED ENTRY--TOPICAL TERM
Topical term or geographic name as entry element Wine and wine making.
650 ## - SUBJECT ADDED ENTRY--TOPICAL TERM
General subdivision France -- Dictionaries.
650 ## - SUBJECT ADDED ENTRY--TOPICAL TERM
General subdivision Frankrike -- Lexicon.
700 ## - ADDED ENTRY--PERSONAL NAME
Personal name Title.
Holdings
Withdrawn status Lost status Damaged status Home library Current library Date acquired Total Checkouts Full call number Barcode Date last seen Price effective from Koha item type
      Stonyhurst Southville International School (Malarayat) Stonyhurst Southville International School (Malarayat) 11/20/2017   REF 641.22 C599 1990 SSISM4112 11/20/2017 11/20/2017 Books

Oz Clarke's new encyclopedia of french wines /

APA

Clarke O., Title, .Oz Clarke's new encyclopedia of french wines. New York: .

Chicago

Clarke Oz, Title, .Oz Clarke's new encyclopedia of french wines. New York: .

Harvard

Clarke O., Title, .Oz Clarke's new encyclopedia of french wines. New York: .

MLA

Clarke Oz, Title, .New York: . .

  • Place hold
  • Print
  • Cite
  • Add to your cart (remove)
  • Save record
    BIBTEX Dublin Core MARCXML MARC (non-Unicode/MARC-8) MARC (Unicode/UTF-8) MARC (Unicode/UTF-8, Standard) MODS (XML) RIS
  • More searches
    Search for this title in:
    Other Libraries (WorldCat) Other Databases (Google Scholar) Online Stores (Bookfinder.com) Open Library (openlibrary.org)

Exporting to Dublin Core...

SOUTHVILLE LIBRARY

Southville International School and Colleges Library

1281 Tropical Ave. Cor. Luxembourg St., BF Homes International, Las Pinas City

Tel. No. 8256374 / 252358 Loc. 117/146

Powered by Koha